| 000 | 00644nam a22002177a 4500 | ||
|---|---|---|---|
| 003 | OSt | ||
| 005 | 20140310181914.0 | ||
| 008 | 130715t xxu||||| |||| 00| 0 eng d | ||
| 020 | _a9781600595097 | ||
| 050 |
_aQ 164 _b.N475 2006 |
||
| 082 |
_aTR 507.8 _bNew42 2006 |
||
| 100 |
_aNewcomb, Rain; Mercer, Bobby _9286 |
||
| 245 |
_aSmash it! crash it! launch it! / _cRain Newcomb & Bobby Mercer. |
||
| 260 |
_aNew York : _bLark Books, _cc2006. |
||
| 300 |
_a80 p. _bcol. : ill. ; _c21 cm. |
||
| 521 | _aFaculty | ||
| 541 | _j1 | ||
| 562 | _e1 | ||
| 650 |
_aScience--Experiments--Juvenile literature _9287 |
||
| 942 |
_2lcc _cBK-TR _kTR |
||
| 999 |
_c6657 _d6657 |
||